000 00555nam a2200181Ia 4500
001 9189
005 20260306160705.0
008 260306t2014||||xx |||||||||||||| ||spa||
041 _aESP
082 _a375.001
_bC41
100 _aCázares Aponte, Leslie
_eAUT
245 0 _aPlaneación y evaluación basadas en competencias:
_bfundamentos y practicas para el desarrollo de competencias docentes, desde preescolar hasta el posgrado
260 _c2014
300 _a176 páginas :
_c23 cm.
650 _aGEN
654 _aCED
942 _cLIB
_dJUS
_fJUS
_2ddc
_n
999 _c9189
_d9189